Eurovision Song Lyrics - France - Statistics

General Stats
  • This quiz has been taken 14 times
  • The average score is 88 of 203
Answer Stats
Answer % Correct
a
100%
'n
92%
o
83%
an
75%
E
75%
e
75%
fulenn
75%
Ha
75%
ha
75%
da
67%
ober
67%
ra
67%
Tan
67%
tan
67%
ar
58%
Ar
58%
diaoul
58%
Ga'
58%
gan'
58%
gant
58%
noz
58%
Oc'h
58%
para
58%
tans
58%
tañs
58%
Dañsal
50%
en
50%
fae
50%
c'hoad
42%
de'i
42%
deu
42%
deus
42%
direpoz
42%
flamboz
42%
ran
42%
tañsan
42%
Dispont
33%
He
33%
'kreiz
33%
tiwan
33%
a-bilpaz
25%
a-unvan
25%
bras
25%
Entan
25%
entan
25%
hiboud
25%
ouzh
25%
taras
25%
Ur
25%
ur
25%
bak
17%
benel
17%
c'hoadeier
17%
digoadenn
17%
fall
17%
jabadao
17%
Lalalalalalaleno
17%
Me
17%
skeud
17%
skleurenn
17%
stered
17%
stok'
17%
teñvalijen
17%
war-wel
17%
betek
8%
bign
8%
c'han
8%
digoadell
8%
distreiñ
8%
dreiñ
8%
droidell
8%
droukc'hoant
8%
dudius
8%
en-dro
8%
eneoù
8%
hud
8%
lagad
8%
lalelalo
8%
leun
8%
loened
8%
'n'añ
8%
penn
8%
Trein
8%
Trid'
8%
dichedenn
0%
qwez
0%
No matching quizzes found
Score Distribution
Percent of People with Each Score
Percentile by Number Answered
Your Score History
You have not taken this quiz